000 01150pam a2200301 a 4500
999 _c16388
_d16388
001 3904211
005 20181016090444.0
008 910408s1992 nyu b 001 0 eng
010 _a 91003640
020 _a0195071026 (alk. paper)
040 _aDLC
_cDLC
_dDLC
050 0 0 _aBD 444 .F44 1992
100 1 _aFeldman, Fred,
245 1 0 _aConfrontations with the reaper/
_ba philosophical study of the nature and value of death /
_cFred Feldman.
260 _aNew York:
_bOxford University Press,
_c1992.
300 _axiv, 249 p. ;
_c22 cm.
504 _aIncludes bibliographical references (p. 239-242) and index.
650 0 _aDeath.
650 0 _aLife.
650 0 _aAbortion.
650 0 _aSuicide.
856 4 2 _3Publisher description
_uhttp://www.loc.gov/catdir/enhancements/fy0637/91003640-d.html
942 _2lcc
_cBOOKS
_hBD 444 .F44 1992